| 000 | 00384 a2200157 4500 | ||
|---|---|---|---|
| 003 | NUST | ||
| 005 | 20230306182042.0 | ||
| 040 | _cNust | ||
| 082 | _a891.439,IQB | ||
| 100 |
_aIqbal _917522 |
||
| 245 |
_aZaboor-e-Ajam /زبور عجم (Urdu) / _cMuhammad Iqbal |
||
| 260 |
_aLahore _bAhsan Brother |
||
| 300 | _a264:p. | ||
| 650 |
_aUrdu Poetry _9751 |
||
| 942 |
_2ddc _cBK _k891.439,IQB |
||
| 999 |
_c186093 _d186093 |
||